| 000 | 01337nam0a22002891 4500 | ||
|---|---|---|---|
| 001 | rc\4779217 | ||
| 005 | 20260406100716.0 | ||
| 021 |
_aRU _b[64-42118] |
||
| 035 | _a(NLR Aleph) 009027956 | ||
| 090 |
_a9470399 _c9470399 |
||
| 100 | _a20130417d1964 u y0rusy50 ca | ||
| 101 | 0 | _arus | |
| 102 | _aRU | ||
| 105 | _aa z ||||| | ||
| 200 | 1 |
_aКонструкция и техническое обслуживание фактурных машин. Модели ФМЕ/3 и 6 _fЦСУ СССР. Гл. упр. вычислит. работ |
|
| 210 |
_aМосква _cСтатистика _d1964 |
||
| 215 |
_a344 с., 19 отд. л. схем _cил. _d27 |
||
| 300 | _a2-е изд. вышло под загл.: Конструкция и техническое обслуживание фактурных машин ФМЕ и ВА-345М | ||
| 517 | 0 | _aКонструкция и техническое обслуживание фактурных машин ФМЕ и ВА-345М | |
| 606 |
_aФактурные машины _2psbo |
||
| 700 | 1 |
_7ca _8rus _aНовиков _bА. Г. _cспециалист в обл. бух. учёта _gАндрей Григорьевич _92694450 _3RU\NLR\AUTH\770289220 |
|
| 801 | 0 |
_aRU _bNLR _gpsbo |
|
| 801 | 1 |
_aRU _bELAR _2rusmarc |
|
| 852 |
_aNLR _j64-7/1293 |
||
| 942 | _cBOOK | ||
| 980 | _aNB | ||